[Event "IND-ch 60th"]
[Site "Pune"]
[Date "2023.08.18"]
[Round "3"]
[White "Tripaty, BC."]
[Black "Anuj, Shrivatri"]
[Result "0-1"]
[WhiteElo "1930"]
[BlackElo "2420"]
[PlyCount "54"]
[EventDate "2023.08.16"]
[EventType "swiss"]
[EventRounds "11"]
[EventCountry "IND"]
[SourceTitle "EXT 2024"]
[Source "ChessBase"]
[SourceDate "2023.10.10"]
[SourceVersion "1"]
[SourceVersionDate "2023.10.10"]
[SourceQuality "1"]

1. e4 c5 2. Nf3 d6 3. Bb5+ Nd7 4. d4 cxd4 5. Qxd4 a6 6. Bxd7+ Bxd7 7. 0-0 Rc8 8. Nc3 e5 9. Qd3 h6 10. a4 Nf6 11. Re1 Be7 12. a5 0-0 13. Be3 Qc7 14. Bb6 Qc6 15. Rad1 Be6 16. h3 Nd7 17. Ba7 Bd8 18. Ra1 f5 19. Nd2 fxe4 20. Ndxe4 d5 21. Ng3 d4 22. Nce4 Qxc2 23. Qa3 Qb3 24. Qxb3 Bxb3 25. Nd2 Bd5 26. b4 Rc2 27. Nde4 Bh4 0-1